[Event "POL-ch U20"]
[Site "Chotowa"]
[Date "2023.10.29"]
[Round "7"]
[White "Zieba, Hubert"]
[Black "Marciniak, Leonard"]
[Result "1/2-1/2"]
[WhiteElo "1805"]
[BlackElo "1856"]
[PlyCount "67"]
[EventDate "2023.10.24"]
[EventType "swiss"]
[EventRounds "9"]
[EventCountry "POL"]
[SourceTitle "Mega2024 Update 01"]
[Source "Chessbase"]
[SourceDate "2023.11.12"]
[SourceVersion "1"]
[SourceVersionDate "2023.11.12"]
[SourceQuality "1"]

1. d4 d5 2. c4 dxc4 3. Nf3 Nf6 4. e3 e6 5. Bxc4 c5 6. 0-0 a6 7. Qe2 Nc6 8. Rd1 cxd4 9. exd4 Be7 10. a4 0-0 11. Nc3 Nb4 12. Bg5 Nbd5 13. Rac1 h6 14. Bxf6 Bxf6 15. Qe4 Nxc3 16. bxc3 Bd7 17. Bd3 g6 18. Ne5 Bxe5 19. dxe5 Bc6 20. Qf4 Qg5 21. Qxg5 hxg5 22. a5 Rfd8 23. Bc2 Rd5 24. Rxd5 Bxd5 25. c4 Bxc4 26. Bxg6 Bd5 27. Bh5 Bc6 28. h3 Rd8 29. Rd1 Rc8 30. Rc1 Rd8 31. Rd1 Rc8 32. Rc1 Rd8 33. Rd1 Rc8 34. Rc1 1/2-1/2

[Event "EU-ch Rapid"]
[Site "Katowice"]
[Date "2022.12.17"]
[Round "1"]
[White "Marciniak, Leonard"]
[Black "Adams, Michael"]
[Result "0-1"]
[WhiteElo "1846"]
[BlackElo "2688"]
[PlyCount "74"]
[EventDate "2022.12.17"]
[EventType "swiss (rapid)"]
[EventRounds "11"]
[EventCountry "POL"]
[SourceTitle "CBM 211 Extra"]
[Source "ChessBase"]
[SourceDate "2023.01.31"]
[SourceVersion "1"]
[SourceVersionDate "2023.01.31"]
[SourceQuality "1"]

1. d4 Nf6 2. c4 e6 3. g3 d5 4. Nf3 dxc4 5. Bg2 a6 6. 0-0 Nc6 7. e3 Bd7 8. Qe2 Bd6 9. Qxc4 0-0 10. Rd1 Qe7 11. Nc3 b5 12. Qb3 Rab8 13. Bd2 e5 14. dxe5 Nxe5 15. Nxe5 Bxe5 16. Nd5 Nxd5 17. Bxd5 Bg4 18. Rdc1 c5 19. Bc3 c4 20. Qc2 Bxc3 21. Qxc3 Rfd8 22. Bg2 Rd3 23. Qa5 Qf6 24. a4 g6 25. axb5 axb5 26. Qc7 Rbd8 27. Qc6 Qxb2 28. f3 Be6 29. Rab1 Qe2 30. Re1 Rd1 31. Rbxd1 Rxd1 32. Rxd1 Qxd1+ 33. Bf1 Qd5 34. Qxd5 Bxd5 35. e4 c3 36. Bd3 Bc4 37. Bc2 b4 0-1

[Event "POL-ch U20"]
[Site "Karpacz"]
[Date "2022.11.27"]
[Round "9"]
[White "Dzida, Kamil"]
[Black "Marciniak, Leonard"]
[Result "1-0"]
[WhiteElo "2379"]
[BlackElo "1849"]
[PlyCount "119"]
[EventDate "2022.11.19"]
[EventType "swiss"]
[EventRounds "9"]
[EventCountry "POL"]
[SourceTitle "EXT 2024"]
[Source "ChessBase"]
[SourceDate "2023.10.10"]
[SourceVersion "1"]
[SourceVersionDate "2023.10.10"]
[SourceQuality "1"]

1. e4 c5 2. Nf3 Nc6 3. Bb5 g6 4. 0-0 Bg7 5. Bxc6 bxc6 6. Re1 Nh6 7. d3 d6 8. e5 0-0 9. h3 f6 10. exd6 exd6 11. Nc3 Nf7 12. d4 cxd4 13. Nxd4 Bd7 14. Be3 Re8 15. Qd2 Qa5 16. Rad1 Rad8 17. Nb3 Qc7 18. Qd4 c5 19. Qd2 Be6 20. Nd5 Qc8 21. Na5 Ne5 22. Bf4 Rd7 23. Re3 Qa8 24. Bg3 f5 25. Bh4 Bxd5 26. Qxd5+ Qxd5 27. Rxd5 f4 28. Re4 h6 29. f3 g5 30. Be1 Kf7 31. Bc3 Ke6 32. Rd1 d5 33. Rxe5+ Bxe5 34. Bxe5 Kf5 35. Bc3 Re2 36. Nb3 d4 37. Bd2 Rd5 38. Re1 Rxe1+ 39. Bxe1 c4 40. Nd2 c3 41. bxc3 dxc3 42. Nb3 a5 43. a4 Rd1 44. Kf2 Rd7 45. Bxc3 Rc7 46. Nd4+ Kg6 47. Bxa5 Rc4 48. Ne2 Rxc2 49. Bc3 h5 50. a5 Kf5 51. Ke1 Ra2 52. Nc1 Ra4 53. Kd2 g4 54. hxg4+ hxg4 55. Kc2 gxf3 56. gxf3 Rc4 57. Kb3 Rc6 58. Nd3 Rd6 59. Kc4 Rc6+ 60. Nc5 1-0

[Event "POL-ch U20"]
[Site "Pokrzywna"]
[Date "2021.12.10"]
[Round "6"]
[White "Kocierz, Pawel"]
[Black "Marciniak, Leonard"]
[Result "1-0"]
[WhiteElo "1774"]
[BlackElo "1738"]
[PlyCount "98"]
[EventDate "2021.12.06"]
[EventType "swiss"]
[EventRounds "9"]
[EventCountry "POL"]
[SourceTitle "CBM 205 Extra"]
[Source "ChessBase"]
[SourceDate "2022.01.31"]
[SourceVersion "1"]
[SourceVersionDate "2022.01.31"]
[SourceQuality "1"]

1. Nf3 Nf6 2. g3 g6 3. Bg2 Bg7 4. 0-0 0-0 5. c4 d6 6. Nc3 Nc6 7. d3 e5 8. Rb1 h6 9. b4 Nd7 10. b5 Ne7 11. d4 f5 12. dxe5 dxe5 13. Ba3 c5 14. bxc6 bxc6 15. Qd6 Bf6 16. Rfd1 Kf7 17. e4 Qa5 18. Bb4 Qa6 19. Bf1 c5 20. Bxc5 Nxc5 21. Qxc5 Qc6 22. Nxe5+ Bxe5 23. Qxe5 Qf6 24. Qxf6+ Kxf6 25. Nd5+ Nxd5 26. exd5 Ba6 27. c5 Bxf1 28. Kxf1 Rac8 29. Rb5 Rfd8 30. Ke2 g5 31. c6 Rc7 32. Rc5 Ke7 33. Rd3 Kd6 34. Rb5 f4 35. gxf4 gxf4 36. Kf3 Re7 37. Rd4 a6 38. Ra5 Rb8 39. Rxa6 Kc5 40. Rd2 Rd8 41. Rc2+ Kb5 42. Ra3 Rc7 43. Rb3+ Ka5 44. Rb7 Rcc8 45. Rc3 Ka4 46. Rcb3 Rxd5 47. c7 Rc5 48. R7b4+ Ka5 49. Rb8 R5xc7 1-0

[Event "Poronin Tatra Limba op"]
[Site "Poronin"]
[Date "2021.05.26"]
[Round "6"]
[White "Marciniak, Leonard"]
[Black "Budkiewicz, Magdalena"]
[Result "1/2-1/2"]
[WhiteElo "1799"]
[BlackElo "1984"]
[PlyCount "101"]
[EventDate "2021.05.22"]
[EventType "swiss"]
[EventRounds "9"]
[EventCountry "POL"]
[SourceTitle "EXT 2022"]
[Source "ChessBase"]
[SourceDate "2021.10.06"]
[SourceVersion "1"]
[SourceVersionDate "2021.10.06"]
[SourceQuality "1"]

1. e4 c5 2. Nf3 d6 3. Bb5+ Nd7 4. d4 cxd4 5. Qxd4 a6 6. Bxd7+ Bxd7 7. 0-0 Nf6 8. c4 Bc6 9. Nc3 e6 10. Bg5 Be7 11. b4 h6 12. Bh4 Rc8 13. a4 0-0 14. a5 d5 15. exd5 exd5 16. b5 axb5 17. cxb5 Bd7 18. Bg3 Bc5 19. Qd3 Ne4 20. Nxe4 dxe4 21. Qxe4 Bxb5 22. Rfd1 Qe7 23. Qxe7 Bxe7 24. Nd4 Ba6 25. Nf5 Bf6 26. Rab1 Rc5 27. Nd6 Rd8 28. Ne4 Rxd1+ 29. Rxd1 Rxa5 30. Nxf6+ gxf6 31. h3 Kg7 32. Rd6 Ra4 33. Rb6 Rc4 34. Kh2 Kg6 35. Bb8 Rc6 36. Rxc6 bxc6 37. g4 f5 38. Be5 c5 39. Kg3 f6 40. Bc3 Bf1 41. Bd2 fxg4 42. hxg4 h5 43. gxh5+ Kxh5 44. Kf4 Bd3 45. Ke3 c4 46. Kd4 Kg4 47. f4 Kf3 48. Kc3 Ke2 49. Bc1 Kd1 50. Ba3 f5 51. Bd6 1/2-1/2

[Event "Poronin Tatra Limba op"]
[Site "Poronin"]
[Date "2021.05.22"]
[Round "1"]
[White "Goraj, Barbara"]
[Black "Marciniak, Leonard"]
[Result "1/2-1/2"]
[WhiteElo "2100"]
[BlackElo "1799"]
[PlyCount "105"]
[EventDate "2021.05.22"]
[EventType "swiss"]
[EventRounds "9"]
[EventCountry "POL"]
[SourceTitle "EXT 2022"]
[Source "ChessBase"]
[SourceDate "2021.10.06"]
[SourceVersion "1"]
[SourceVersionDate "2021.10.06"]
[SourceQuality "1"]

1. Nf3 Nf6 2. c4 g6 3. Nc3 Bg7 4. e4 d6 5. d4 0-0 6. Be2 e5 7. 0-0 Nc6 8. d5 Ne7 9. Ne1 Nd7 10. Be3 f5 11. f3 f4 12. Bf2 g5 13. Rc1 Ng6 14. c5 Nf6 15. cxd6 cxd6 16. Nb5 Rf7 17. Nxa7 Bd7 18. Qb3 g4 19. Bb6 Qf8 20. Nb5 Bxb5 21. Bxb5 Bh6 22. Rc2 gxf3 23. gxf3 Rg7 24. Kh1 Nh5 25. Rg2 Qf6 26. Bf2 Kh8 27. Rg4 Bg5 28. Rfg1 h6 29. a4 Rag8 30. Bf1 Qe7 31. Bh3 Nf6 32. R4g2 Nf8 33. Bf5 Nh5 34. Rg4 Nf6 35. R4g2 Nh5 36. a5 Bh4 37. Rxg7 Rxg7 38. Rxg7 Nxg7 39. Qc2 Bxf2 40. Qxf2 Nxf5 41. exf5 Nd7 42. Qa7 Nc5 43. f6 Qxf6 44. b4 Qh4 45. Qb8+ Kg7 46. Qc7+ Kh8 47. Qc8+ Kh7 48. Qf5+ Kh8 49. Nd3 Nxd3 50. Qf8+ Kh7 51. Qf7+ Kh8 52. Qf8+ Kh7 53. Qf7+ 1/2-1/2

[Event "POL-ch U18"]
[Site "Szklarska Poreba"]
[Date "2021.03.15"]
[Round "3"]
[White "Marciniak, Leonard"]
[Black "Koziorowicz, Michal"]
[Result "0-1"]
[WhiteElo "1779"]
[BlackElo "2180"]
[PlyCount "126"]
[EventDate "2021.03.13"]
[EventType "swiss"]
[EventRounds "9"]
[EventCountry "POL"]
[SourceTitle "CBM 201 Extra"]
[Source "ChessBase"]
[SourceDate "2021.05.31"]
[SourceVersion "1"]
[SourceVersionDate "2021.05.31"]
[SourceQuality "1"]

1. e4 c5 2. Nf3 e6 3. c3 Nf6 4. e5 Nd5 5. g3 Nc6 6. Bg2 d6 7. exd6 Bxd6 8. 0-0 0-0 9. d4 c4 10. Qe2 Na5 11. Nbd2 b5 12. a3 Bb7 13. Re1 Qb6 14. h4 Nf6 15. Ng5 h6 16. Nge4 Nxe4 17. Nxe4 Bxe4 18. Qxe4 Nb3 19. Rb1 Nxc1 20. Rbxc1 Rab8 21. Bf3 a5 22. Kg2 Rfd8 23. Red1 b4 24. cxb4 axb4 25. Rxc4 bxa3 26. bxa3 Bxa3 27. Rc6 Qb2 28. Rc2 Qb3 29. Qd3 Bd6 30. Qxb3 Rxb3 31. Re2 Rb4 32. Re4 g6 33. Re3 Kg7 34. Be2 Kf6 35. Red3 Ke7 36. f4 g5 37. hxg5 hxg5 38. fxg5 Rg8 39. Ra1 Rb7 40. Ra5 Bc7 41. Rc5 Bb8 42. Rf3 Ba7 43. Rc2 Bxd4 44. Ba6 Ra7 45. Bc4 Rxg5 46. Rd2 Be5 47. Rdf2 f5 48. Re2 Kf6 49. Rfe3 f4 50. Rf3 Rag7 51. Ra2 Rxg3+ 52. Rxg3 Rxg3+ 53. Kf1 Rc3 54. Be2 f3 55. Bd1 Bg3 56. Ra8 Rc1 57. Rf8+ Kg5 58. Rg8+ Kf4 59. Rf8+ Ke4 60. Rd8 Ke3 61. Rd7 Be5 62. Ke1 Bc3+ 63. Kf1 Bd2 0-1